[Event "Krasnodar Region Cup"]
[Site "Krasnodar"]
[Date "2013.01.24"]
[Round "2"]
[White "Sluzhilov, Aleksandr"]
[Black "Kholodniak, Sergey"]
[Result "1-0"]
[WhiteElo "2059"]
[BlackElo "1867"]
[PlyCount "75"]
[EventDate "2013.01.23"]
[EventType "swiss"]
[EventRounds "8"]
[EventCountry "RUS"]
[SourceTitle "EXT 2023"]
[Source "ChessBase"]
[SourceDate "2022.10.05"]
[SourceVersion "1"]
[SourceVersionDate "2022.10.05"]
[SourceQuality "1"]

1. Nf3 Nc6 2. g3 e5 3. d3 Nf6 4. Bg2 g6 5. b3 Bg7 6. Bb2 d6 7. 0-0 0-0 8. Nbd2 h6 9. h3 Be6 10. c4 Qd7 11. Kh2 Nh5 12. e4 f5 13. Nh4 f4 14. Nxg6 fxg3+ 15. fxg3 Rxf1 16. Nxf1 Nf6 17. Ne3 Kh7 18. Nh4 Ne7 19. Qe2 Ng6 20. Nhf5 Bh8 21. Rf1 c5 22. Bc1 h5 23. Nd5 Bxd5 24. exd5 Nf4 25. gxf4 Qxf5 26. fxe5 Qxe5+ 27. Qxe5 dxe5 28. Be4+ Kg7 29. Rf5 Re8 30. a3 Kf7 31. b4 b6 32. bxc5 bxc5 33. Be3 Rc8 34. Kg3 Kg8 35. Kh4 Nd7 36. Kxh5 Rb8 37. d6 Bf6 38. Bd5+ 1-0

[Event "Krasnodar Winter A Rating"]
[Site "Krasnodar"]
[Date "2011.01.29"]
[Round "9"]
[White "Sluzhilov, Aleksandr"]
[Black "Nevolin, Viktor"]
[Result "1-0"]
[WhiteElo "2041"]
[BlackElo "1769"]
[PlyCount "97"]
[EventDate "2011.01.24"]
[EventType "tourn"]
[EventRounds "13"]
[EventCountry "RUS"]
[SourceTitle "EXT 2022"]
[Source "ChessBase"]
[SourceDate "2021.10.06"]
[SourceVersion "1"]
[SourceVersionDate "2021.10.06"]
[SourceQuality "1"]

1. e4 c5 2. Nf3 Nc6 3. Bb5 a6 4. Bxc6 bxc6 5. d3 d5 6. 0-0 Bg4 7. h3 Bh5 8. Be3 d4 9. Bf4 Nf6 10. Nbd2 e6 11. Qe2 Be7 12. Nc4 0-0 13. g4 Bg6 14. Nfe5 Rc8 15. Bg3 h5 16. Nxg6 fxg6 17. g5 Ne8 18. f4 Bd6 19. h4 Qc7 20. Rf3 Qe7 21. Raf1 Bc7 22. Qd1 Nd6 23. Ne5 Qe8 24. c3 Rb8 25. cxd4 Rxb2 26. dxc5 Nb5 27. Nc4 Rxa2 28. R3f2 Rxf2 29. Rxf2 Nd4 30. Qa1 e5 31. fxe5 Rxf2 32. Bxf2 Nf3+ 33. Kg2 Nxe5 34. Nxe5 Qxe5 35. Qxe5 Bxe5 36. d4 Bc7 37. Be1 Kf7 38. Kf3 Ke6 39. Ke3 Bd8 40. Kd3 Bc7 41. Kc4 Bd8 42. d5+ cxd5+ 43. exd5+ Kd7 44. Bg3 a5 45. Kb5 Be7 46. c6+ Kc8 47. Kxa5 Bd8+ 48. Kb5 Be7 49. d6 1-0

[Event "Krasnodar Autumn Rating"]
[Site "Krasnodar"]
[Date "2010.11.27"]
[Round "5"]
[White "Sluzhilov, Aleksandr"]
[Black "Frolov, Lev"]
[Result "1-0"]
[WhiteElo "2028"]
[BlackElo "1942"]
[PlyCount "83"]
[EventDate "2010.11.25"]
[EventType "tourn"]
[EventRounds "13"]
[EventCountry "RUS"]
[SourceTitle "EXT 2022"]
[Source "ChessBase"]
[SourceDate "2021.10.06"]
[SourceVersion "1"]
[SourceVersionDate "2021.10.06"]
[SourceQuality "1"]

1. e4 c6 2. d4 d5 3. Nc3 dxe4 4. Nxe4 Bf5 5. Ng3 Bg6 6. h4 h6 7. h5 Bh7 8. Bd3 Bxd3 9. Qxd3 Nf6 10. Bd2 Nbd7 11. 0-0-0 e6 12. Nf3 Qc7 13. c4 0-0-0 14. Qc2 Bd6 15. Ne2 e5 16. Qa4 exd4 17. Qxa7 c5 18. Rh4 Rhe8 19. Nf4 b6 20. Qa8+ Qb8 21. Qa4 Qb7 22. Ne1 Ne4 23. Ned3 Nxd2 24. Kxd2 Nf6 25. f3 Re3 26. Ne1 Rde8 27. Nc2 Bxf4 28. Rxf4 Re2+ 29. Kc1 Nxh5 30. Rxf7 Qxf7 31. Qa8+ Kd7 32. Qb7+ Ke6 33. Qxb6+ Kf5 34. g4+ Kf4 35. Qxc5 Rxc2+ 36. Kxc2 Re2+ 37. Kc1 Ng3 38. Qxd4+ Kxf3 39. Qd3+ Kxg4 40. Rg1 Qf4+ 41. Kd1 g5 42. Qxe2+ 1-0

[Event "Krasnodar Region-ch"]
[Site "Krasnodar"]
[Date "2010.10.16"]
[Round "1"]
[White "Voronov, Egor"]
[Black "Sluzhilov, Aleksandr"]
[Result "0-1"]
[WhiteElo "2005"]
[BlackElo "2001"]
[PlyCount "88"]
[EventDate "2010.10.16"]
[EventType "swiss"]
[EventRounds "9"]
[EventCountry "RUS"]
[SourceTitle "EXT 2022"]
[Source "ChessBase"]
[SourceDate "2021.10.06"]
[SourceVersion "1"]
[SourceVersionDate "2021.10.06"]
[SourceQuality "1"]

1. e4 g6 2. d4 d6 3. f4 Bg7 4. Nf3 c6 5. Bc4 Nf6 6. Nc3 0-0 7. 0-0 Nbd7 8. e5 Ne8 9. e6 fxe6 10. Ng5 d5 11. Nxe6 Qb6 12. Nxf8 Nxf8 13. Be2 Bxd4+ 14. Kh1 Bg7 15. Bg4 Bxg4 16. Qxg4 Nf6 17. Qg3 d4 18. Ne2 e6 19. Qb3 Nd5 20. Qxb6 axb6 21. a3 c5 22. Rb1 Nd7 23. Rd1 N7f6 24. h3 Ne4 25. Kg1 Kf7 26. g4 Bf6 27. Bd2 h5 28. g5 Bg7 29. h4 Ke7 30. Kg2 Rf8 31. Kf3 Nxd2+ 32. Rxd2 e5 33. Re1 Nxf4 34. Nxf4 Rxf4+ 35. Kg3 Rg4+ 36. Kh3 e4 37. Rde2 e3 38. c3 Be5 39. Rg2 Rf4 40. Rg3 Rf2 41. cxd4 cxd4 42. b3 Kd6 43. b4 Ra2 44. a4 Bxg3 0-1

[Event "Krasnodar Spring-B"]
[Site "Krasnodar"]
[Date "2010.04.11"]
[Round "10"]
[White "Sluzhilov, Aleksandr"]
[Black "Strebkov, Vladimir"]
[Result "1/2-1/2"]
[WhiteElo "2002"]
[BlackElo "1909"]
[PlyCount "93"]
[EventDate "2010.04.08"]
[EventType "tourn"]
[EventRounds "13"]
[EventCountry "RUS"]
[SourceTitle "EXT 2012"]
[Source "ChessBase"]
[SourceDate "2011.11.24"]
[SourceVersion "1"]
[SourceVersionDate "2011.11.24"]
[SourceQuality "1"]

1. e4 c6 2. d4 d5 3. exd5 cxd5 4. c4 Nf6 5. Nc3 e6 6. Nf3 Bb4 7. a3 Bxc3+ 8. bxc3 Ne4 9. Qc2 Qa5 10. Bb2 Nd7 11. Bd3 Ndf6 12. Ne5 Qc7 13. c5 Nxc5 14. Bb5+ Bd7 15. Nxd7 Ncxd7 16. a4 0-0 17. a5 Ne4 18. f3 Nd6 19. Bd3 Nf6 20. a6 Nc4 21. axb7 Qxb7 22. Bc1 Rfb8 23. Bf4 Qb2 24. Qxb2 Rxb2 25. 0-0 a5 26. Rf2 Nd7 27. Rxb2 Nxb2 28. Bb5 Nb6 29. Ra2 N6c4 30. Kf1 f6 31. Ke2 a4 32. Bc1 a3 33. Bxc4 Nxc4 34. Kd3 Kf7 35. Kc2 e5 36. dxe5 fxe5 37. Kb1 Ke6 38. Re2 Kd6 39. Ka2 Kc5 40. Bg5 d4 41. cxd4+ exd4 42. Be7+ Kd5 43. Bb4 d3 44. Re7 Rd8 45. Rxg7 Kc6 46. Kb3 Rb8 47. Rg4 1/2-1/2

[Event "Krasnodar Spring-B"]
[Site "Krasnodar"]
[Date "2010.04.10"]
[Round "8"]
[White "Sluzhilov, Aleksandr"]
[Black "Sverkunov, Oleg"]
[Result "1-0"]
[WhiteElo "2002"]
[BlackElo "1886"]
[PlyCount "83"]
[EventDate "2010.04.08"]
[EventType "tourn"]
[EventRounds "13"]
[EventCountry "RUS"]
[SourceTitle "EXT 2012"]
[Source "ChessBase"]
[SourceDate "2011.11.24"]
[SourceVersion "1"]
[SourceVersionDate "2011.11.24"]
[SourceQuality "1"]

1. Nf3 Nf6 2. e3 d6 3. d4 Bg4 4. Qd3 Qd7 5. Qb3 c6 6. Nbd2 Qc7 7. Bc4 e6 8. Bd3 Nbd7 9. h3 Bh5 10. 0-0 Be7 11. Re1 0-0 12. c3 c5 13. Qc2 d5 14. b3 Rac8 15. Ba3 Rfe8 16. Qb2 Bg6 17. Bxg6 hxg6 18. Rac1 b5 19. Qb1 Qa5 20. Bxc5 Bxc5 21. dxc5 b4 22. cxb4 Qxb4 23. c6 Nc5 24. Ne5 Qxd2 25. Rxc5 Ne4 26. Rc2 Qb4 27. Rec1 Rc7 28. Qb2 Rec8 29. Qd4 Qd6 30. b4 f6 31. Nxg6 Kf7 32. Nf4 g5 33. Ne2 e5 34. Qd3 Rxc6 35. f3 Rxc2 36. Rxc2 Rxc2 37. Qxc2 Qb6 38. Qd3 Nd6 39. Qxd5+ Ke7 40. Qc5 Qa6 41. Nc3 Ke6 42. b5 1-0

[Event "Krasnodar November-B"]
[Site "Krasnodar"]
[Date "2009.11.18"]
[Round "5"]
[White "Sluzhilov, Aleksandr"]
[Black "Piven, Vladimir"]
[Result "0-1"]
[WhiteElo "2007"]
[BlackElo "1851"]
[PlyCount "72"]
[EventDate "2009.11.15"]
[EventType "tourn"]
[EventRounds "15"]
[EventCountry "RUS"]
[SourceTitle "EXT 2012"]
[Source "ChessBase"]
[SourceDate "2011.11.24"]
[SourceVersion "1"]
[SourceVersionDate "2011.11.24"]
[SourceQuality "1"]

1. e4 e6 2. d4 d5 3. Nc3 dxe4 4. Nxe4 Nd7 5. Nf3 Ngf6 6. Bd3 b6 7. 0-0 Bb7 8. Nxf6+ Qxf6 9. Be2 h6 10. c4 a5 11. Qa4 Bd6 12. Be3 c6 13. Nd2 0-0 14. Ne4 Qe7 15. Nxd6 Qxd6 16. Bf3 b5 17. cxb5 cxb5 18. Qxb5 Bxf3 19. gxf3 Rfb8 20. Qe2 Qb4 21. b3 Rc8 22. Rfc1 Nb6 23. Rc5 Rxc5 24. dxc5 Nd5 25. Rc1 a4 26. Rc4 Qb5 27. Bxh6 axb3 28. axb3 Qa6 29. Bc1 Qb5 30. Qb2 Rb8 31. Rg4 f6 32. b4 Kf7 33. Qd4 Qe2 34. Bd2 Qxf3 35. Rg3 Qd1+ 36. Kg2 Rxb4 0-1

[Event "Krasnodar November-A"]
[Site "Krasnodar"]
[Date "2009.11.10"]
[Round "5"]
[White "Sverkunov, Oleg"]
[Black "Sluzhilov, Aleksandr"]
[Result "0-1"]
[WhiteElo "1920"]
[BlackElo "2007"]
[PlyCount "56"]
[EventDate "2009.11.07"]
[EventType "tourn"]
[EventRounds "9"]
[EventCountry "RUS"]
[SourceTitle "EXT 2012"]
[Source "ChessBase"]
[SourceDate "2011.11.24"]
[SourceVersion "1"]
[SourceVersionDate "2011.11.24"]
[SourceQuality "1"]

1. Nf3 c5 2. e4 Nc6 3. d4 cxd4 4. Nxd4 e5 5. Nxc6 bxc6 6. Bc4 Nf6 7. Nc3 Bb4 8. Qd3 0-0 9. 0-0 Bxc3 10. Qxc3 d5 11. Bd3 dxe4 12. Bxe4 Nxe4 13. Qxc6 Bf5 14. c4 Rc8 15. Qb5 f6 16. b3 Rc5 17. Qb7 Rf7 18. Qb4 a5 19. Qa3 Rc8 20. Be3 Rd7 21. Rac1 Rd3 22. c5 Nc3 23. Qb2 Nd1 24. Qe2 Nxe3 25. fxe3 Be4 26. Rf2 Qd5 27. Qe1 Rxc5 28. Rxc5 Qxc5 0-1

[Event "Krasnodar Spring Rating"]
[Site "Krasnodar"]
[Date "2009.04.02"]
[Round "8"]
[White "Bichevoi, Aleksandr"]
[Black "Sluzhilov, Aleksandr"]
[Result "0-1"]
[WhiteElo "1782"]
[BlackElo "1901"]
[PlyCount "64"]
[EventDate "2009.04.02"]
[EventType "tourn"]
[EventRounds "12"]
[EventCountry "RUS"]
[SourceTitle "EXT 2022"]
[Source "ChessBase"]
[SourceDate "2021.10.06"]
[SourceVersion "1"]
[SourceVersionDate "2021.10.06"]
[SourceQuality "1"]

1. Nf3 Nf6 2. c4 d6 3. d4 g6 4. Nc3 Bg7 5. e4 0-0 6. g3 c5 7. d5 e6 8. dxe6 Bxe6 9. Qd3 Nc6 10. Bg2 Ng4 11. h3 Nge5 12. Nxe5 Nxe5 13. Qd1 Bxc4 14. Bf1 Bxf1 15. Kxf1 Qb6 16. Kg2 c4 17. Nd5 Qd8 18. Qa4 a6 19. h4 b5 20. Qa3 f5 21. Bg5 Qb8 22. h5 fxe4 23. Ne7+ Kf7 24. hxg6+ Nxg6 25. Nf5 Be5 26. Rxh7+ Kg8 27. g4 Kxh7 28. Qh3+ Kg8 29. Qh5 Qe8 30. Rh1 Nf4+ 31. Bxf4 Qxh5 32. Rxh5 Bxf4 0-1